00879 a2200193 45000010006000000050017000060080041000230030015000640400040000790800086001192450040002052500012002452640051002573000019003085050291003270410008006181000030006267000029006563780320260407155644.0260407a1953 arg spa dAR-UNSa-BCEJYS aAR-UNSa-BCEJYSbspacAR-UNSa-BCEJYS a339.13xMercado en general. Análisis de mercado. Oferta y demanda. Competencia 10aLas leyes de la oferta y la demanda a4a. ed. 1aMéxico :bFondo de Cultura Económicac1953 a165 p.c20 cm. a1. El mundo económico - 2. Las Leyes generales de oferta y demanda - 3. Utilidad y margen de consumo - 4. Costo y margen de producción - 5. Demanda y ofertas conjuntas - 6. La tierra - 7. El riesgo y la empresa - 8. El capital - 9. El trabajo - 10. Los costos reales de producción aspa1 aHenderson, Hubert Douglas1 aCosío Villegas, Daniel